000 00362 a2200169 4500
001 46066
020 _a978-85-7319-724-2
040 _cAnchieta - Aquarius
100 _aWerneck, Leny
240 1 0 _aPapai motorista
_lpor
245 1 0 _aPapai motorista
300 _a
362 0 _a2008
440 1 _aDimensão
650 4 _aLiteratura infantil
942 _cBK
999 _c46066
_d46066